Návrh a realizácia informačného systému evidencie výpožičiek časopisov

Guardado en:
Detalles Bibliográficos
Autor principal: Pereira, Marta Wendy (Autor)
Otros Autores: Juhásová, Bohuslava (Orientador)
Formato: Manuscrito Libro
Lenguaje:eslovaco
Publicado: 2018
Materias:
Acceso en línea:http://is.stuba.sk/zp/portal_zp.pl?podrobnosti=129927
Etiquetas: Agregar Etiqueta
Sin Etiquetas, Sea el primero en etiquetar este registro!

MARC

LEADER 00000ntm a22000003a 4500
001 stuzp67318
003 SK-STU
005 20180820154335.5
007 ta
008 150427s2015----xo-----f-mn---000-0-slo-d
040 |a STU  |b slo 
041 0 |a slo 
100 1 |a Pereira, Marta Wendy  |u 066000  |4 aut  |U MTF Materiálovotechnologická fakulta  |T MTF Ústav aplikovanej informatiky, automatizácie a mechatroniky  |X 79699  |U M6000  |Y 86  |7 79699 
242 0 1 |a Design and implementation of an information system for registery of borrowed magazines  |y eng 
245 1 0 |a Návrh a realizácia informačného systému evidencie výpožičiek časopisov 
260 |c 2018 
650 4 |a database  |2 eng 
650 4 |a information system  |2 eng 
650 4 |a library  |2 eng 
650 4 |a magazine  |2 eng 
650 4 |a application  |2 eng 
650 4 |a knižnica  |2 slo 
650 4 |a časopis  |2 slo 
650 4 |a aplikácia  |2 slo 
650 4 |a databáza  |2 slo 
650 4 |a informačný systém  |2 slo 
700 1 |a Juhásová, Bohuslava  |u 066000  |k Z1  |4 ths  |U MTF Materiálovotechnologická fakulta  |T MTF Ústav aplikovanej informatiky, automatizácie a mechatroniky  |X 201  |U M6000  |Y 86  |7 A000000201 
856 4 |u http://is.stuba.sk/zp/portal_zp.pl?podrobnosti=129927 
996 |c M* BP-8226  |l MMSKP  |s P  |a 0  |w stuzp67318_0001